000 01387nam a2200385 c 4500
001 22297
003 ES-MaCES
005 20141221122758.0
008 090728s2007 sp t 000 | spa d
017 _aM 52627-2007
_bDL
035 _aCES20090007782m
040 _aES-MaCES
_bspa
_cES-MaCES
100 1 _aHuerta García, María de las Nieves
_915020
245 1 0 _aGuía jurídica en prevención de riesgos laborales
_c[elabora, María de las Nieves Huerta García ; dirige, Secretaría de Salud Laboral de CCOO de Madrid]
250 _a2ª ed. amp
260 _a[Madrid
_bCC.OO. de Madrid]
_c2007
300 _a162 p.
_c24 cm
504 _aBibliografía: p. 161-162
541 _cGratuito
650 4 _aseguridad en el trabajo
_928348
650 4 _asalud en el trabajo
_928347
650 4 _aenfermedad profesional
_928346
650 4 _aaccidente de trabajo
_928345
650 4 _aresponsabilidad del empleador
_930146
650 4 _aactitud sindical
_929839
650 4 _aEspaña
_926964
650 4 _arégimen jurídico
_929894
650 4 _aguía
_929262
653 1 0 _aSalud
710 2 _aComisiones Obreras
_bUnión Sindical de Madrid-Región
_bSecretaría de Salud Laboral
_ecol.
_92160
710 2 _aComisiones Obreras
_bUnión Sindical de Madrid-Región
_92156
902 _aLIB Libro
942 _2CES
_cBK
_h3.1.
999 _c22297
_d22297